书目信息 |
| 题名: |
公共项目管理与评估
|
|
| 作者: | 齐中英 , 朱彬 编著 | |
| 分册: | ||
| 出版信息: | 北京 科学出版社 2004 |
|
| 页数: | 405页 | |
| 开本: | 23cm | |
| 丛书名: | ||
| 单 册: | ||
| 中图分类: | F062.4 | |
| 科图分类: | ||
| 主题词: | 公共管理--项目管理--研究生--教材 , 公共管理 , 项目管理 | |
| 电子资源: | ||
| ISBN: | 978-7-03-013557-5 | |
| 000 | 01006nam0 2200277 450 | |
| 001 | 523 | |
| 005 | 20140908150953.18 | |
| 010 | @a978-7-03-013557-5@dCNY39.00 | |
| 100 | @a20040802d2004 em y0chiy50 ea | |
| 101 | 0 | @achi |
| 102 | @aCN@b110000@b420000 | |
| 105 | @ay z 000yy | |
| 106 | @ar | |
| 200 | 1 | @a公共项目管理与评估@AGong Gong Xiang Mu Guan Li Yu Ping Gu@f齐中英,朱彬编著@FQi Zhong Ying, Zhu Bin Bian Zhu |
| 210 | @a北京@c科学出版社@a武汉@c武汉出版社@d2004 | |
| 215 | @a405页@d23cm | |
| 300 | @a公共管理硕士(MPA)系列教材 | |
| 330 | @a本书介绍了公共项目的概念、基础理论与方法,公共项目需求预测与实施条件评估、投资预算与资金筹措方案评估,公共项目的合同管理、风险管理及公共项目的审计等内容。 | |
| 606 | 0 | @a公共管理@x项目管理@x研究生@j教材 |
| 606 | 0 | @a公共管理 |
| 606 | 0 | @a项目管理 |
| 690 | @aF062.4@v5 | |
| 701 | 0 | @a齐中英@AQi Zhong Ying@f(1957~)@4编著 |
| 701 | 0 | @a朱彬@AZhu Bin@c(女,@f1959~)@4编著 |
| 801 | 0 | @aCN@bTANGWEI@c20140603 |
| 905 | @b0839755-57@dF062.4@e124@f3 | |
| 公共项目管理与评估/齐中英,朱彬编著.-北京:科学出版社;武汉:武汉出版社,2004 |
| 405页;23cm |
| 公共管理硕士(MPA)系列教材 |
| ISBN 978-7-03-013557-5:CNY39.00 |
| 本书介绍了公共项目的概念、基础理论与方法,公共项目需求预测与实施条件评估、投资预算与资金筹措方案评估,公共项目的合同管理、风险管理及公共项目的审计等内容。 |
| ● |
| 相关链接 |
|
|
|
|
正题名:公共项目管理与评估
索取号:F062.4/124
 
预约/预借
| 序号 | 登录号 | 条形码 | 馆藏地/架位号 | 状态 | 备注 |
| 1 | 0839755 | 208397554 | 第一样本阅览室/ [索取号:F062.4/124] | 在馆 | |
| 2 | 0839756 | 208397563 | 密集书库-海洋学院/ [索取号:F062.4/124] | 在馆 | |
| 3 | 0839757 | 208397572 | 第一借阅区/ [索取号:F062.4/124] | 在馆 |